000 00783cam a22002534a 4500
001 000005521
005 20200929151711.0
008 990630s1998 sp a b 000 1 spa
020 _a8437616654
040 _aDO-SdBNP
_cDLC
_dDLC
042 _apcc
082 _a863.6
_bB644ma
100 1 _aBlasco Ibáñez, Vicente, 
_d1867-1928.
_915017
245 1 3 _aLa maja desnuda /
_cVicente Blasco Ibáñez ; edición de Facundo Tomás.
260 _aMadrid :
_bCátedra,
_c1998.
300 _a475 p. :
_bil. ;
_c18 cm.
490 1 _aLetras hispánicas
_v496
650 4 _aNovela española
_91123
650 4 _aLiteratura española
_9632
700 1 _aTomás Ferre, Facundo.
_915627
830 0 _aLetras hispánicas ;
_v496
_94208
910 _aCatalogación por copia / LC
910 _aWM
999 _c5320
_d5320